000 00450nam a22001697a 4500
005 20251108170813.0
008 250721s9999 xx 000 0 ara d
082 1 4 _aط/ق/خلي
100 1 _aالبدوي، خليل
245 1 0 _aنصيحة أحمق /
264 1 _aإربد :
_bدار الكتاب،
_c[19-].
300 _a
650 1 7 _aأدب الأطفال
650 1 7 _aالقصص العربية
942 _2ddc
_cBK
999 _c49387
_d49387